Responses for Show #2076 - Monday, September 20, 1993

John Cuthbertson game 5.

Contestants

[<< previous game]

Roy Jacobstein, a physician from Washington, D.C.

Karen Bohrer, a librarian from Newington, Connecticut

John Cuthbertson, a physicist originally from Liberty, Missouri (whose 4-day cash winnings total $64,400)

[next game >>]

Jeopardy! Round responses

1973
WORDS
FIRST AID
NATIONAL FLOWERS
BUILDING SUPPLIES
POTPOURRI
    $100 12
the FBI

Roy
    $100 1
Ah

Karen
    $100 19
frostbite

Roy
    $100 11
the tulip

John
    $100 23
glass

Roy
    $100 6
Eve

Karen
    $200 13
Spiro Agnew

John
    $200 2
a bottleneck

John
    $200 20
shock

John
    $200 16
(Karen: What is a gardenia?)
(John: What is a lily?)

an orchid

JohnKaren
Triple Stumper
    $200 25
shingles

John
    $200 7
tuna

Karen
    $300 14
the Concorde

Roy
    $300 3
a gorilla

Roy
    $300 22
body temperature

John
    $300 17
mum

Triple Stumper
    $300 26
straw

John
    $300 8
the English Channel

John
    $400 15
Idi Amin

Karen
    $400 4
a crop

Roy
    $400 24
(Roy: What is a splint?)

a tourniquet

JohnRoy
    $400 18
jasmine

Roy
    $400 27
a nail

John
    $400 9
Gillette

John
    $500 21
Bermuda

Karen
    $500 5
(Roy: What is a discourse?)

a dialogue

KarenRoy
    $500 30
fainting

Roy
    $600 29
the fleur de lis

Karen
    $500 28
steel

Karen
    $500 10
Dorothy Parker

Karen

Scores at the first commercial break (after clue 15):

John Karen Roy
$1,200 $1,800 $600

Scores at the end of the Jeopardy! Round:

John Karen Roy
$2,800 $3,200 $1,300

Double Jeopardy! Round responses

EUROPEAN HISTORY
GOVERNMENT & POLITICS
THE 7 ANCIENT WONDERS
(Alex: We haven't had that as a category in a long time.)
BUSINESS & INDUSTRY
AMERICAN AUTHORS
"B" MOVIES
    $200 8
Russia

John
    $200 21
the House of Representatives

John
    $200 1
[Alex read the "c." as "Around".]

the pyramids

Roy
    $200 26
Avis

John
    $200 6
Stephen Crane

Roy
    $200 13
Big

Roy
    $400 9
Wales

Karen
    $400 22
the Department of the Interior

Roy
    $400 2
the mausoleum

John
    $2,000 27
Nabisco

John
    $400 7
Jack London

John
    $400 14
Blazing Saddles

John
    $600 10
Morocco

John
    $600 23
Moynihan

Roy
    $600 3
the Hanging Gardens of Babylon

John
    $600 28
Quaker (Oats)

Karen
    $600 18
Norman Mailer

Roy
    $600 15
Blue Velvet

John
    $800 11
Denmark

John
    $800 24
the appeals courts

Roy
    $800 4
the Colossus of Rhodes

Roy
    $800 29
(Roy: What is Sears?)

Donnelley (& Sons)

JohnRoy
    $800 19
(John: Who is William Styron?)

William Kennedy

JohnKaren
    $800 16
(Roy: What is Biloxi Beach Blue--um... Biloxi Beach...)
(Alex: Nope.)
(Roy: Oh.)
...
(Alex: No Beach in this...)
(Roy: No Beach.)

Biloxi Blues

JohnRoy
    $1000 12
Granada

John
    $1000 25
William Jennings Bryan

John
    $1000 5
the statue of Zeus at Olympia

Karen
    $1000 30
Pitney Bowes

John
    $1,000 20
Willa Cather

Karen
    $1000 17
Bell, Book and Candle

Karen

Scores at the end of the Double Jeopardy! Round:

John Karen Roy
$13,000 $8,000 $3,500

[wagering suggestions for these scores]

Final Jeopardy! Round responses

STATE CAPITALS
(Alex: Oh, I--I wonder, Karen. You started writing at the very last beat of the drum. I hope time didn't run out on you.)
...
(Alex: [To Karen] Oh. Didn't even look--it looks almost like you were going to try for [*], but there isn't enough there, I don't think, sorry.)
(Karen: It's--that's--huh--what I was writing down. I got everything but the vowels, J-U-N-E.)
RoyWhat is Juneau
$3,500
KarenWhat is June
$8,000
JohnWhat is Juneau?
$5,000
Juneau

Final scores:

John Karen Roy
$18,000 $0 $7,000
5-day champion: $82,400 3rd place: Gibson side-by-side refrigerator/freezer with ice & water dispensers in door + Wheel of Fortune & Jeopardy! for the 16-bit Super Nintendo Entertainment System & the Sega Genesis system 2nd place: a trip to Savannah, Georgia on Delta Airlines & a stay at the Westin Resort on Hilton Head Island

Game dynamics:

Coryat scores:

John Karen Roy
$11,400 $7,900 $3,500
27 R
(including 1 DD),
2 W
15 R
(including 2 DDs),
1 W
16 R,
4 W

Combined Coryat: $22,800

[game clues] [game scores] [suggest correction]

Game tape date: 1993-07-26
The J! Archive is created by fans, for fans. Scraping, republication, monetization, and malicious use prohibited; this site may use cookies and collect identifying information. See terms. The Jeopardy! game show and all elements thereof, including but not limited to copyright and trademark thereto, are the property of Jeopardy Productions, Inc. and are protected under law. This website is not affiliated with, sponsored by, or operated by Jeopardy Productions, Inc. Join the discussion at JBoard.tv.